000 00987nmm a2200277 a 4500
001 ocm000709069
003 TR-IsHL
005 20201028142759.0
008 140118s200? tu tur
007 cr cn
020 _a9789757808039
035 _a709069
_b(N$T)
050 0 4 _aPL234
_b.Ç45[2 200?
090 0 4 _aPL234
_b.Ç45[2 200?
100 1 _aÇelik, Ali
245 1 0 _aManzum hadis tercümeleri ve Latifi'nin "Subhatü'l - 'Uşşak"ı: (hadislerin tahkik, tenkid ve değerlendirilmesi)
_h[electronic resource] /
_cAli Çelik ; Latifi
260 _aKonya :
_bTablet Kitabevi,
_c200?
300 _a200 p.
650 4 _aDil ve Edebiyat
650 4 _aLanguage and Literature
650 0 _aLatifi, 1491-1582?
_x Eleştiri ve yorum
650 0 _aLatifi, 1491-1582?
_x Criticism and interpretation
650 7 _aPOETRY / Middle Eastern
_2bisacsh
700 1 _aLatifi
856 4 0 _uhttp://search.ebscohost.com/login.aspx?direct=true&scope=site&db=e011xww&AN=709069
999 _c8541
_d8541